Länder Flagge + Umriss Quiz #6 - Statistiken

Allgemein
  • Dieses Quiz wurde 13.845 mal gespielt
  • Das Durchschnittsergebnis liegt bei 12 aus 16
Antwortstatistiken
Bildquiz Antwort % Korrekt
Schweiz
100%
Island
97%
Polen
95%
Bosnien und Herzegowina
88%
Japan
86%
Tunesien
85%
Vietnam
85%
Elfenbeinküste
80%
Kuba
79%
Südkorea
75%
Aserbaidschan
71%
Mosambik
55%
St. Lucia
51%
Gambia
50%
Dominica
44%
Vanuatu
32%
Keine übereinstimmenden Quizze gefunden
Verteilung der Resultate
Anzahl Personen mit jedem Resultat
Perzentil nach korrekt beantworteten Fragen
Ihre Resultats-Entwicklung
Sie haben dieses Quiz noch nicht gespielt